000 00472nam a2200169 4500
001 113357
003 ES-MaACL
005 20230906185846.0
007 t|
008 061121s1970 sp r ||||1| spa d
100 1 _aPalacios, José María.
_988405
245 1 0 _aJovellanos /
_cJosé María Palacios.
250 _a2ª ed. ampl.
260 _aOviedo :
_b[s. n.],
_c1970 (
_fGráf. Summa)
300 _a186 p., 3 lám. ;
_c19 cm.
852 _aES-MaACL
_jC-49634
_bR.74654
999 _c113357
_d113357